00875nam a2200181 i 4500001000700000003000900007005001700016008004100033040003000074100004800104245009600152260011600248300008100364650004800445650003900493651003900532852012200571163760ES-MaACL20250713063723.0991021s1881 sp |||| | spa d aCCPB | B bspa cCCPB | B1 aRodríguez de Berlanga, Manuel,d1825-190914aLos bronces de Lascuta, Bonanza y Aljustrel / cque publica Manuel Rodríguez de Berlanga. aMálaga : b[s.n.], c1881 (fimprenta que fue de Don José Martínez de Aguilar, hoy de Don Ambrosio Rubio) aXXI, 836 p., [3] map. pleg., [11] lám. pleg., [4] lám. : bil. ;c26 cm. 4aInscripciones latinas-zCádiz (Provincia) 4aInscripciones latinas-zAljustrel. 4aEspaña-xRestos arqueológicos. aES-MaACLjF-9632 z-- Enc. pasta española z-- Dedic. ms. del autor al Ateneo científico, literario y artístico